000 01271cam a22003257a 4500
003 CHAP
005 20220329141406.0
008 971013s1987 r 00010 d
010 _a67424
011 _a68396
035 _a77868
040 _cCHAP
082 _a664.025
_bD5
245 1 0 _aDirectorio de instituciones nacionales sobre Biotecnología Agroalimentaria :
_bdirectorio de técnicos especialistas : fichero bibliográfico
_c/por Centro Nacional de Investigaciones Agrarias
260 _aMéxico :
_bCentro Nacional de Investigaciones Agrarias,
_c1987
300 _ac.a. 200 p.
490 0 _aCuadernos de biotecnología alimentaria
590 _aBATCH-UPD
_b10
_c20130110
_lUCH01
_h0613
590 _aBATCH-UPD
_b10
_c20130410
_lUCH01
_h0256
590 _aBATCH-UPD
_b10
_c20130914
_lUCH01
_h0148
590 _aCONVERSION
_b10
_c20130109
_lUCH01
_h1337
650 1 4 _aAlimentos
_xBibliografía.
_94172
650 1 4 _aAlimentos
_xInvestigacion
_xDirectorios.
_94241
650 1 4 _aAlimentos
_xTecnologia
_xDirectorios.
_94288
830 0 _aCuadernos de biotecnología alimentaria
_929749
901 _aBK
942 _cLIBRO
949 _a664.025 D5
_bBC
_cC
_d33724000651972
_eC
_h72971
_i77868
_mD
_si
949 _a664.025 D5
_bBC
_cC
_d33724000651980
_eC
_fc.2
_h79978
_i77868
_si
999 _c67424
_d67424